| 000 | 03156cam a2200433 i 4500 | ||
|---|---|---|---|
| 001 | 193277 | ||
| 003 | SpMaBN | ||
| 005 | 20250709194557.0 | ||
| 007 | ta | ||
| 008 | 110802s2011 sp | |||| 001 0 spa | ||
| 017 |
_aM 20935-2011 _bOficina Depósito Legal Madrid |
||
| 020 | _a9788473567664 | ||
| 035 | _a(OCoLC)751682188 | ||
| 035 | _aa5091438 | ||
| 040 |
_aSpMaBN _bspa _cSpMaBN _erdc |
||
| 080 | _a658.012.6 | ||
| 100 | 1 |
_aArroyo, Luis, _d1969- _0XX1640887 _eaut _9234072 |
|
| 245 | 1 | 4 |
_aLos cien errores en la comunicación de las organizaciones / _cLuis Arroyo, Magali Yus |
| 250 | _a4ª edición | ||
| 260 |
_aPozuelo de Alarcón, Madrid : _bESIC, _c2011 |
||
| 300 |
_a345 páginas ; _c22 cm |
||
| 336 |
_2rdacontent _aTexto |
||
| 337 |
_2rdamedia _asin mediación |
||
| 338 |
_2rdacarrier _avolumen |
||
| 490 | 1 | _aDivulgación | |
| 500 | _aÍndice analítico | ||
| 504 | _aBibliografía: páginas 332-337 | ||
| 520 | _a¿Cómo preparar una comparecencia ante cien ciudadanos que no sabes qué van a preguntar? ¿Cómo puede una sola palabra desbaratar una rueda de prensa? ¿Cuáles son los trucos milenarios para elaborar un discurso? ¿Debemos desmentir un rumor que circula en Internet? ¿Cómo puede aprovecharse el cierre de filas que se produce con los gobiernos cuando hay crisis? ¿De qué forma logra una empresa o una institución pequeña cobertura en televisión? ¿Están las redes sociales cambiando de verdad la manera de comunicar? Aquí se encuentran cientos de ejemplos, casos y consejos muy prácticos en un recorrido divertido, pero también muy solvente y formativo, por las áreas de la comunicación y las relaciones públicas. Se abordan aspectos tácticos, como las relaciones con los medios de comunicación, la oratoria, la telegenia y, en esta cuarta edición de manera especial, la comunicación en Internet. Pero hay también recogidas ideas y recomendaciones estratégicas: por ejemplo, sobre comunicación de crisis, transparencia, responsabilidad social corporativa o sobre la expansión de las ideas. ¿A quién se dirige? A cualquier persona interesada en mejorar la comunicación de su organización. No se requieren conocimientos previos de comunicación, puesto que el libro está escrito con extraordinaria amenidad y siempre con casos ilustrativos. Será muy útil también para los profesionales de la comunicación, puesto que aporta ideas muy innovadoras y transgresoras sobre la comunicación corporativa contemporánea. | ||
| 650 | 4 |
_aComunicación en las organizaciones _2embne _911194 |
|
| 700 | 1 |
_aYus, Magali _9234407 _eaut |
|
| 830 |
_9191745 _aDivulgación |
||
| 852 |
_aES-MaACL _bR. 154681 _cDEPOJ _jN-9455 _9200708 _xEncuadernación rústica con solapas _gDedicatoria autógrafa del autor _hDonación: Luis Arroyo |
||
| 903 |
_aArroyo, Luis, _d1969- _ednr _9234072 |
||
| 942 |
_n0 _cMONOGRAFIA |
||
| 999 |
_c193277 _d193277 |
||